00483 2200169 4500001002100000005001500021035002000036245009000056100002700146300002600173260003000199082001200229084001800241020002200259600001600281990001600297INLIS00000000000139120260305081500 a0010-03260000191 aManhaj Bernegara dalam Haji kajian Sirah Nabawi di Indonesia /cMuhammad Rasuli Jamil0 aJamil, Muhammad Rasuli a236 hlm ;c14 X 21 cm aJakarta :bMedia Madaniah a297.352 a297.352 JAM m a978-602-19227-0-5 4aIbadah haji a4741PP/2026